000 00874nam a22002417a 4500
001 38132
003 BD-RjUL
005 20211209052730.0
008 150914s1999 bg ||||| |||| 00| 0 ben d
035 _a(BD-RjUL)38237
040 _aBD-RjUL
_bben
_cBD-RjUL
041 _aben
082 _a346.07
100 _aসিদ্দিক, এ. বি.
_9117999
245 _aবাণিজ্যিক ও শিল্প আইন = Commercial and Industrial Law /
_cএ. বি. সিদ্দিক
260 _aঢাকা :
_bকামরুল বুক হাউস,
_c১৯৯৯
300 _a(xvii), various pagins. :
_bচিত্র ;
_c২৩ সেমি.
650 _aBusiness law.
_9118000
650 _aব্যবসা আইন.
_9166651
650 _aশিল্প আইন
_9166652
650 _aIndustrial Law
_9118001
942 _2ddc
_cBK
_01
999 _c38132
_d38132